=LDR 00000nam 2200000 4500 =001 INLIS000000000036837 =005 20130612142611 =008 ***********************************Ind** =035 ##$$0010-061300000036837 =041 ##$$a Ind =082 ##$$a 687.42 =090 ##$$a 687.42, Aso i =100 ##$$a Asokawati, Okky =245 ##$$a I jilbab 25 kreasi gaya anggun dan cantik jilbab permata's, Okky Asokawati dan Kiki Rostinawati ; editor, Intarina Hardiman =260 ##$$a 2009 $b Jakarta =300 ##$$a 68 hlm, ilus, 25 cm =650 ##$$a Jilbab =850 ##$$a NBPNMAT